| 000 | 00977nam a2200229 a 4500 | ||
|---|---|---|---|
| 001 | 47669 | ||
| 003 | BD-RjUL | ||
| 005 | 20211209054351.0 | ||
| 008 | 160810s2012 bg ||||| |||| 00| 0 ben d | ||
| 020 |
_a9847000001764 _c: Tk. 260.00 |
||
| 035 | _a(BD-RjUL)47788 | ||
| 040 |
_aBD-RjUL _bben _cBD-RjUL |
||
| 041 | _aben | ||
| 082 |
_223 _a891.4409 _bSAG 2012 |
||
| 100 | 1 |
_aসরকার, পবিত্র _9121594 |
|
| 245 | 1 | 0 |
_aগদ্যরীতি পদ্যরীতি : _bশৈলীবিজ্ঞানের তত্ত্ব ও প্রয়োগ / _cপবিত্র সরকার |
| 260 |
_aঢাকা : _bজাতীয় সাহিত্য প্রকাশ, _c২০১২ |
||
| 300 |
_a[৮], ২১৪ পৃ. ; _c২১ সেমি. |
||
| 650 |
_aবাংলা সাহিত্য _xইতিহাস ও সমালোচনা _9144844 |
||
| 650 |
_aBengali Literature _xHistory and Criticism _9144845 |
||
| 942 |
_2ddc _cBK |
||
| 999 |
_c47669 _d47669 |
||